MARC details
| 000 -LÍDER |
| campo de controle de tamanho fixo |
01270naa a22003377a 4500 |
| 001 - NÚMERO DE CONTROLE |
| campo de controle |
BR8602615 |
| 003 - IDENTIFICADOR DO NÚMERO DE CONTROLE |
| campo de controle |
BR-BrBNA |
| 005 - DATA E HORÁRIO DA ÚLTIMA TRANSAÇÃO |
| campo de controle |
20240918175714.0 |
| 007 - CAMPO FIXO DE DESCRIÇÃO FÍSICA--INFORMAÇÃO GERAL |
| campo de controle de tamanho fixo |
ta |
| 008 - CAMPO DE DADOS FIXOS--INFORMAÇÃO GERAL |
| campo de controle de tamanho fixo |
230509b bl.||||| |||| 00| 0 por d |
| 040 ## - FONTE DA CATALOGAÇÃO |
| Instituição da catalogação original |
BR-BrBNA |
| Idioma da catalogação |
por |
| Instituição que transcreveu o registro |
Biblioteca Nacional de Agricultura |
| 041 ## - CÓDIGO DE IDIOMA |
| Código do idioma do texto/trilha sonora ou título diferente |
(Pt) |
| 072 ## - CÓDIGO DE CATEGORIA DE ASSUNTO |
| Código de Categoria de Assunto |
E12; E50 |
| Código do objeto |
/G514 |
| 090 ## - NÚMERO DE CHAMADA LOCAL |
| Número de chamada |
E12 BR8602615 |
| 100 1# - ENTRADA PRINCIPAL--NOME PESSOAL |
| Nome pessoal |
Becker, B.K. |
| 111 1# - ENTRADA PRINCIPAL--NOME DO EVENTO |
| Nome do evento ou lugar |
6. Encontro Nacional de Geografia Agraria |
| Local do evento |
Garanhuns, PE (Brazil) |
| Data do evento ou assinatura do tratado |
9-14 Dec 1985 |
| 245 1# - TÍTULO |
| Título |
Expansao do povoamento e mudanca social: o caso de Rondonia |
| 246 1# - FORMA VARIANTE DO TÍTULO |
| Título/título abreviado |
[Settlement expansion and social change: the case of Rondonia, Brazil] |
| 246 1# - FORMA VARIANTE DO TÍTULO |
| Título/título abreviado |
[Annals of the 6. National Meeting of Agrarian Geography. Lectures] |
| 260 3# - PUBLICAÇÃO, DISTRIBUIÇÃO, ETC. |
| Local de publicação, distribuição, etc. |
Recife, PE (Brasil): |
| Data da publicação, distribuição, etc. |
1985. |
| 500 ## - NOTA GERAL |
| Nota geral |
Anais do 6. Encontro Nacional de Geografia Agraria. Conferencias<br/>Recife, PE (Brasil): 1985. p. 91-129<br/>(BR8602615-AM)E12<br/> |
| 650 ## - ASSUNTO--TERMO TÓPICO |
| Cabeçalho tópico ou nome geográfico |
TRABALHADOR RURAL |
| 650 ## - ASSUNTO--TERMO TÓPICO |
| Cabeçalho tópico ou nome geográfico |
TRABALHO |
| 650 ## - ASSUNTO--TERMO TÓPICO |
| Cabeçalho tópico ou nome geográfico |
POSSEIRO |
| 650 ## - ASSUNTO--TERMO TÓPICO |
| Cabeçalho tópico ou nome geográfico |
MIGRACAO RURAL |
| 650 ## - ASSUNTO--TERMO TÓPICO |
| Cabeçalho tópico ou nome geográfico |
DEMOGRAFIA |
| 650 ## - ASSUNTO--TERMO TÓPICO |
| Cabeçalho tópico ou nome geográfico |
RONDONIA |
| 773 0# - ENTRADA ANALÍTICA |
| Título |
Anais do 6. Encontro Nacional de Geografia Agraria. Conferencias |
| Número de controle do registro |
E12 BR8602615 |
| Partes relacionadas |
Recife, PE (Brasil), 1985. p. 91-129 |
| 909 ## - |
| -- |
202404 |
| -- |
Lucia |
| -- |
55 |
| -- |
Lucia Elande |
| 942 ## - ELEMENTOS DE ENTRADA ADICIONADOS (KOHA) |
| Tipo de material Koha |
Capítulo-Livro |
| Fonte da classificação ou esquema de arquivamento na estante |
Classificação AGRIS |